Normal view
MARC view
- البحث الجنائي -- القانون الجنائي
Entry Topical Term
001 - CONTROL NUMBER
- control field: 47183
003 - CONTROL NUMBER IDENTIFIER
- control field: JO-AjAnu
005 - DATE AND TIME OF LATEST TRANSACTION
- control field: 20230606081806.0
008 - FIXED-LENGTH DATA ELEMENTS
- fixed length control field: 230606|| aca||aabn | a|a d
040 ## - CATALOGING SOURCE
- Original cataloging agency: JO-AjAnu
- Transcribing agency: JO-AjAnu
150 ## - HEADING--TOPICAL TERM
- Topical term or geographic name entry element: البحث الجنائي -- القانون الجنائي
670 ## - SOURCE DATA FOUND
- Source citation: Work cat.: (JO-AjAnu)24146: الجبور، محمد عودة ذياب , author 47182, الإختصاص القضائي لمأمور الضبط " دراسة مقارنة "